| 000 | 00589nam a2200241Ia 4500 | ||
|---|---|---|---|
| 001 | 21397 | ||
| 003 | GE_BSU | ||
| 008 | 181216s||||||||xx |||||||||||||| ||und|| | ||
| 020 | _a9781625950499 | ||
| 040 | _cGE_BSU | ||
| 080 | _a53+621.03 | ||
| 100 | _aZavrel, Jr. Robert J. W7SX | ||
| 245 | _aAntenna Physics: An Introduction | ||
| 250 | _aFirst edition | ||
| 260 | _aUnited States | ||
| 260 | _c2016 | ||
| 300 | _a160 p. 28 cm. ill. | ||
| 541 | _h90 Gel. | ||
| 653 | _aAntenna Physics: An Introduction | ||
| 653 | _aФизика | ||
| 653 | _aფიზიკა | ||
| 942 | _cBK | ||
| 999 |
_c54341 _d54341 |
||